[Event "13th EICC"]
[Site "Plovdiv BUL"]
[Date "2012.03.24"]
[Round "5.22"]
[White "Delchev,A"]
[Black "Vallejo Pons,F"]
[Result "0-1"]
[WhiteElo "2622"]
[BlackElo "2693"]

1.Nf3 d5 2.c4 d4 3.b4 g6 4.g3 Bg7 5.d3 e5 6.Bg2 h6 7.O-O Ne7 8.a4 O-O 9.Nfd2 a5
10.b5 c5 11.Nb3 Qc7 12.e3 dxe3 13.Bxe3 Nd7 14.Qc1 Nf5 15.Nc3 Ra7 16.Nd5 Qd6
17.Nd2 b6 18.Ne4 Qe6 19.Qd2 Bb7 20.Nec3 Nf6 21.Rae1 Rd8 22.f4 Nxd5 23.Nxd5 Bxd5
24.Bxd5 Rxd5 25.cxd5 Qxd5 26.fxe5 Bxe5 27.Rxf5 gxf5 28.Bxh6 Bd4+ 29.Be3 Re7
30.Bxd4 Qxd4+ 31.Kg2 Rxe1 32.Qxe1 Qxd3 33.Qe8+ Kg7 34.Qe5+ Kg6 35.Qb8 Qe2+
36.Kg1 Qe1+ 37.Kg2 Qe2+ 38.Kg1 Qe6 39.Qg8+ Kf6 40.h4 Qe3+ 41.Kg2 c4 42.Qd8+ Kg7
43.Qc8 Qd2+ 44.Kg1 c3 45.Qxf5 c2 46.Qe5+ Kf8 47.Qh8+ Ke7 48.Qe5+ Kd7 49.Qf5+ Kd6
50.Qf6+ Kc5  0-1

[Event "13th EICC"]
[Site "Plovdiv BUL"]
[Date "2012.03.24"]
[Round "5.56"]
[White "Alonso Rosell,A"]
[Black "Buhmann,R"]
[Result "1/2-1/2"]
[WhiteElo "2513"]
[BlackElo "2614"]

1.Nf3 d5 2.c4 c6 3.g3 Nf6 4.Bg2 dxc4 5.O-O Nbd7 6.Qc2 Nb6 7.Na3 Qd5 8.b3 cxb3
9.axb3 Be6 10.Rb1 g6 11.d3 Bg7 12.Nc4 Qd8 13.Na5 Bc8 14.e4 O-O 15.Bd2 Ne8
16.Rfd1 Nd6 17.Bb4 Rb8 18.h3 Nb5 19.d4 Nxd4 20.Nxd4 Bxd4 21.Bc5 e5 22.Bxf8 Qxf8
23.b4 Be6 24.Nb3 Bxb3 25.Rxb3 Nc8 26.Bf1 Nd6 27.Kg2 Rc8 28.Bd3 c5 29.bxc5 Rxc5
30.Qa2 a5 31.Rdb1 Qd8 32.Rb6 Rc3 33.R6b3 Rc6 34.h4 b6 35.h5 Nb7 36.hxg6 hxg6
37.Bb5 Rf6 38.Rf3 Rxf3 39.Kxf3 Nc5 40.Qe2 a4 41.Bc4 a3 42.Kg2 Kg7 43.Qf3 Qc7
44.Rxb6 Ne6 45.Rxe6 fxe6 46.Bxe6  1/2-1/2

[Event "13th EICC"]
[Site "Plovdiv BUL"]
[Date "2012.03.25"]
[Round "6.77"]
[White "Bartel,Mat"]
[Black "Berescu,A"]
[Result "1-0"]
[WhiteElo "2665"]
[BlackElo "2494"]

1.Nf3 d5 2.c4 c6 3.d4 Nf6 4.e3 e6 5.b3 Nbd7 6.Bd3 Bd6 7.Bb2 O-O 8.O-O Ne4
9.Qc2 f5 10.Ba3 Bxa3 11.Nxa3 Qe7 12.Qb2 b6 13.Rac1 Bb7 14.cxd5 exd5 15.g3 a5
16.Rfd1 Rae8 17.Bf1 g5 18.Bg2 h5 19.Nb1 h4 20.Nc3 hxg3 21.fxg3 Qf6 22.Nd2 Nd6
23.Nf1 Re7 24.Qf2 Qh6 25.Re1 Rh7 26.Bf3 Ba6 27.Ne2 Ne4 28.Qg2 Qe6 29.g4 f4
30.exf4 Bxe2 31.Bxe4 dxe4 32.Qxe2 Rxf4 33.Qc4 Qxc4 34.Rxc4 c5 35.Ng3 Rxg4
36.Rxe4 Rxe4 37.Nxe4 cxd4 38.Nxg5 Rh5 39.Rc8+ Kg7 40.Ne6+ Kf6 41.Nxd4 Rd5
42.Rc6+ Ke5 43.Nf3+ Ke4 44.Kf2 b5 45.Ke2 Nc5 46.h4 Nd3 47.Rc3 Nf4+ 48.Kf2 Nd3+
49.Kg3 Ne5 50.Nxe5 Kxe5 51.Rf3 Rd2 52.Rf2 Rd1 53.h5 a4 54.h6 axb3 55.h7 Rd8
56.axb3 Ke6 57.Rh2 Rh8 58.Kf4 Kf6 59.b4 Kg7 60.Ke5 Re8+ 61.Kd6 Kh8 62.Rh5  1-0

[Event "13th EICC"]
[Site "Plovdiv BUL"]
[Date "2012.03.25"]
[Round "6.146"]
[White "Sofranov,V"]
[Black "Grandadam,N"]
[Result "1-0"]
[WhiteElo "2198"]
[BlackElo "2361"]

1.Nf3 d5 2.c4 e6 3.g3 Nf6 4.Bg2 dxc4 5.Qa4+ Nbd7 6.Qxc4 c5 7.O-O b6 8.d4 Bb7
9.Rd1 Rc8 10.Qa4 a6 11.dxc5 Bxc5 12.Bg5 b5 13.Qh4 Qb6 14.e3 h6 15.Bxf6 Nxf6
16.Nc3 Bxe3 17.Rf1 Bc5 18.Rad1 O-O 19.Ne5 Bxg2 20.Kxg2 Rfd8 21.Qf4 Bd4 22.Ne4 Nxe4
23.Qxe4 Bxb2 24.Nc6 Re8 25.Rd6 Qb7 26.Qf3 Qa8 27.Rfd1 Ba3 28.Qxa3 Rxc6 29.Kg1 Rxd6
30.Rxd6 a5 31.Qd3 Rc8 32.f3 Qa7+ 33.Kg2 Qc7 34.Kh3 Qc3 35.Rd8+  1-0

[Event "13th EICC"]
[Site "Plovdiv BUL"]
[Date "2012.03.27"]
[Round "7.162"]
[White "Arnaudov,P"]
[Black "Lederman,L"]
[Result "1-0"]
[WhiteElo "2149"]
[BlackElo "2296"]

1.Nf3 d5 2.c4 c6 3.b3 Bf5 4.g3 e6 5.Bg2 Nf6 6.O-O Be7 7.Bb2 h6 8.d3 O-O 9.a3 Bh7
10.Nbd2 Nbd7 11.b4 a5 12.Bc3 dxc4 13.dxc4 Qc7 14.Qb3 e5 15.Qb2 e4 16.Ne5 Nxe5
17.Bxe5 Qd7 18.Nb3 axb4 19.axb4 Qe6 20.c5 Rfd8 21.Na5 Rd7 22.Rac1 Re8 23.Nc4 Bd8
24.e3 Qf5 25.h3 Qh5 26.Rfe1 Re6 27.Bf4 Nd5 28.g4 Qh4 29.Bg3 Qg5 30.Kh2 h5
31.gxh5 Qxh5 32.Nd6 Bc7 33.b5 Bxd6 34.cxd6 Bf5 35.Qe2 Qxe2 36.Rxe2 cxb5 37.Rc5 Rexd6
38.Bxd6 Rxd6 39.Rb2 Be6 40.Bxe4  1-0

[Event "13th EICC"]
[Site "Plovdiv BUL"]
[Date "2012.03.27"]
[Round "7.71"]
[White "Zhigalko,A"]
[Black "Hunt,A"]
[Result "1-0"]
[WhiteElo "2590"]
[BlackElo "2454"]

1.Nf3 d5 2.c4 c6 3.e3 Nf6 4.Nc3 g6 5.h3 Bg7 6.d4 O-O 7.Bd3 c5 8.O-O cxd4
9.exd4 dxc4 10.Bxc4 Nc6 11.Re1 Ne8 12.d5 Na5 13.Bf1 Nd6 14.Bg5 Re8 15.Qa4 b6
16.Rad1 h6 17.Bf4 Bd7 18.Qb4 Nab7 19.Be5 a5 20.Qf4 b5 21.Bxg7 Kxg7 22.Ne5 b4
23.Nb5 Rc8 24.Na7 Rc5 25.Nac6 Qc8 26.Ba6 f6 27.Nxg6 e5 28.Ngxe5 fxe5 29.Nxe5 Bf5
30.Qd4 Kh7 31.Nc6 Rc2 32.Bd3 Rc5 33.Ne7 Qd7 34.Nxf5 Rxe1+ 35.Rxe1 Nxf5 36.Bxf5+ Qxf5
37.Re7+ Kg6 38.Qg7+ Kh5 39.g4+  1-0

[Event "European Senior Teams 2012"]
[Site "Rogaska Slatina SLO"]
[Date "2012.03.27"]
[Round "1.6"]
[White "Taksrud,V"]
[Black "Bhend,E"]
[Result "0-1"]
[WhiteElo "2075"]
[BlackElo "2241"]

1.Nf3 d5 2.c4 d4 3.e3 c5 4.b4 dxe3 5.fxe3 cxb4 6.Be2 Nf6 7.O-O e6 8.Bb2 Be7
9.e4 O-O 10.e5 Ng4 11.Qe1 Nc6 12.Qg3 f5 13.h3 Nh6 14.d4 f4 15.Qf2 Nf5 16.Bd3 b6
17.Nbd2 Ba6 18.Rac1 Rc8 19.Rfd1 Na5 20.Re1 Ne3 21.Nh2 Bh4 22.Qf3 Bxe1 23.Rxe1 Qh4
24.Qe2 Bxc4 25.Nxc4 Naxc4 26.Bc1 Qg3 27.Nf1 Nxf1 28.Qxf1 Ne3 29.Qe2 Nxg2  0-1

[Event "17th Metropolitan IM"]
[Site "Los Angeles USA"]
[Date "2012.03.30"]
[Round "4"]
[White "Tatum,K"]
[Black "Visweswaran,K"]
[Result "1-0"]
[WhiteElo "2045"]
[BlackElo "2281"]

1.Nf3 d5 2.c4 d4 3.g3 Nc6 4.Bg2 e5 5.d3 f5 6.O-O a5 7.e3 dxe3 8.Bxe3 Nf6
9.Nc3 Be7 10.Qb3 O-O 11.Rad1 Qe8 12.Nd5 Bd8 13.Bc5 a4 14.Qc3 Rf7 15.Rfe1 Nd7
16.Ba3 h6 17.d4 e4 18.Nd2 Nf8 19.f3 Ne6 20.fxe4 Ncxd4 21.exf5 Rxf5 22.Qxd4 Qh5
23.Qe4 Rf7 24.Qe2 Qxe2 25.Rxe2 c6 26.Bh3 Ng5 27.Bxc8 Rxc8 28.Nf4 Bc7 29.Ng6 Rd8
30.Rf1 Ba5 31.Ne4 Rxf1+ 32.Kxf1 Rd1+ 33.Kg2 Nf7 34.h4 Rd4 35.h5 Rxc4 36.Nd6 Nxd6
37.Bxd6 Rd4 38.Re8+ Kf7 39.Re7+ Kg8 40.Be5 Rd2+ 41.Kh3  1-0

[Event "13th EICC"]
[Site "Plovdiv BUL"]
[Date "2012.03.30"]
[Round "10.128"]
[White "Neubauer,M"]
[Black "Ivanov,StojanL"]
[Result "1-0"]
[WhiteElo "2413"]
[BlackElo "2309"]

1.Nf3 d5 2.c4 c6 3.g3 Nf6 4.Bg2 Bf5 5.cxd5 cxd5 6.Qb3 Qb6 7.Qxb6 axb6 8.Nc3 Nc6
9.O-O e6 10.d3 h6 11.Nb5 Kd7 12.Bf4 Bc5 13.a3 Rhc8 14.Ne5+ Nxe5 15.Bxe5 Bg6
16.h3 Ra5 17.a4 Bb4 18.Bf3 Ke7 19.Rac1 Rc6 20.b3 Ra8 21.Nd4 Rcc8 22.Nb5 Rc6
23.Bd4 Ba3 24.Nxa3  1-0

[Event "13th EICC"]
[Site "Plovdiv BUL"]
[Date "2012.03.30"]
[Round "10.108"]
[White "Braun,Christi2"]
[Black "Alonso Rosell,A"]
[Result "1-0"]
[WhiteElo "2372"]
[BlackElo "2513"]

1.Nf3 d5 2.c4 d4 3.g3 g6 4.Bg2 Bg7 5.d3 h6 6.b4 e5 7.Bb2 Ne7 8.Nbd2 Be6 9.O-O O-O
10.Nb3 Nd7 11.Nfd2 c6 12.a4 Qc7 13.Qc2 Rab8 14.Rfc1 f5 15.c5 h5 16.b5 h4
17.b6 axb6 18.cxb6 Nxb6 19.Nc5 Bf7 20.Nf3 hxg3 21.hxg3 Bf6 22.Qd2 Bg7 23.e4 fxe4
24.Nxe4 Bd5 25.Ba3 Nbc8 26.a5 Ra8 27.Bc5 Be6 28.Nfg5 Bd5 29.Qb4 Bh6 30.Bh3 Rd8
31.Bb6 Nxb6 32.axb6  1-0

[Event "13th EICC"]
[Site "Plovdiv BUL"]
[Date "2012.03.31"]
[Round "11.44"]
[White "Arsovic,Z"]
[Black "Andriasian,Z"]
[Result "0-1"]
[WhiteElo "2435"]
[BlackElo "2616"]

1.Nf3 d5 2.c4 c6 3.g3 Bg4 4.Qb3 Bxf3 5.Qxf3 e6 6.Bg2 Nd7 7.Qb3 Nc5 8.Qc2 d4
9.b4 Nd7 10.Bb2 e5 11.c5 a5 12.a3 g6 13.O-O Bg7 14.e4 h5 15.d3 Bh6 16.f4 axb4
17.axb4 Rxa1 18.Bxa1 g5 19.Nd2 gxf4 20.Nc4 Ngf6 21.Nd6+ Kf8 22.Qa2 Rh7 23.Nxb7 Qb8
24.Qa6 Qc7 25.Na5 Nb8 26.Qb7 Qxb7 27.Nxb7 Ng4 28.gxf4 Bxf4 29.Rxf4 exf4 30.Bxd4 f6
31.Nd6 Ne5 32.Kf1 Ra7 33.Bxe5 fxe5 34.Nc4 Re7 35.Na5 Rd7 36.Ke2 Ke7 37.Bf3 Kf6
38.Kd2 h4 39.Kc3 h3 40.Bg4 Rg7 41.Bxh3 Rg1 42.d4 exd4+ 43.Kxd4 Rd1+ 44.Kc3 Re1
45.Kd4 f3 46.Nc4 Na6 47.e5+ Ke7 48.Ne3 Nxb4 49.Nf5+ Kd8 50.Ng3 Nd5 51.Bf1 Ne3  0-1

[Event "Final 4 of College Chess 2012"]
[Site "Herndon USA"]
[Date "2012.04.01"]
[Round "3"]
[White "Moradiabadi,E"]
[Black "Chirila,I"]
[Result "1/2-1/2"]
[WhiteElo "2542"]
[BlackElo "2539"]

1.Nf3 d5 2.c4 d4 3.g3 Nc6 4.Bg2 e5 5.d3 Nf6 6.O-O Bd6 7.Na3 O-O 8.Bg5 h6
9.Bxf6 Qxf6 10.Nb5 a6 11.Nxd6 Qxd6 12.a3 a5 13.Rb1 Be6 14.Ne1 a4 15.Nf3 Nb8
16.Nd2 c6 17.b4 axb3 18.Qxb3 b5 19.Ra1 Ra4 20.Qc2 Rc8 21.Rfb1 Na6 22.Qd1 Ra5
23.Nb3 Ra4 24.Nd2 Ra5 25.Nb3  1/2-1/2

[Event "European Senior Teams 2012"]
[Site "Rogaska Slatina SLO"]
[Date "2012.04.01"]
[Round "6.10"]
[White "Liebert,H"]
[Black "Strutinskaya,G"]
[Result "1/2-1/2"]
[WhiteElo "2251"]
[BlackElo "2273"]

1.Nf3 d5 2.c4 dxc4 3.Na3 Be6 4.e3 Nd7 5.Bxc4 Bxc4 6.Nxc4 e6 7.O-O Ngf6 8.b3 Be7
9.Bb2 O-O 10.Qc2 c5 11.Rfd1 Rc8 12.h3  1/2-1/2

[Event "European Senior Teams 2012"]
[Site "Rogaska Slatina SLO"]
[Date "2012.04.03"]
[Round "8.3"]
[White "Korchnoi,V"]
[Black "Ivanovic,B"]
[Result "1/2-1/2"]
[WhiteElo "2549"]
[BlackElo "2412"]

1.Nf3 d5 2.c4 c6 3.d4 Nf6 4.Qb3 dxc4 5.Qxc4 Bf5 6.e3 e6 7.Nbd2 Nbd7 8.Nh4 Be4
9.Nxe4 Nxe4 10.Nf3 Qa5+ 11.Bd2 Nxd2 12.Nxd2 Bb4 13.O-O-O O-O 14.Nb3 Qb6 15.Bd3 a5
16.a3 Be7 17.Nd2 Rfd8 18.Qc2 h6 19.Kb1 Qa7 20.Nf3 Qb6 21.Ka2 c5 22.Qb3 Qxb3+
23.Kxb3 cxd4 24.exd4 a4+ 25.Ka2 Ra5 26.Be4 b5 27.Rc1 b4 28.axb4 Bxb4 29.Rc4 Bd6
30.Rhc1 Kf8 31.Rc8 Ke7 32.Rxd8 Kxd8 33.Rc4 Ke7 34.h3 Nb6 35.Rc6 Rb5 36.Ne1 Nd5
37.Bxd5 Rxd5 38.Rc4 Ra5 39.Nd3 Ra7 40.Nc5 Rc7 41.Rc2 Ra7 42.Ne4 f5 43.Nxd6 Kxd6
44.Rc5  1/2-1/2

[Event "Semana Santa LAB Open"]
[Site "Bogota COL"]
[Date "2012.04.04"]
[Round "2"]
[White "Nunez V,D"]
[Black "Zuluaga,C"]
[Result "0-1"]
[WhiteElo "2220"]
[BlackElo "2372"]

1.Nf3 d5 2.c4 c6 3.b3 Nf6 4.Bb2 Bf5 5.g3 h6 6.Bg2 e6 7.d3 Nbd7 8.O-O Bc5
9.Nc3 O-O 10.e3 Re8 11.Qe2 Bh7 12.Rad1 Qe7 13.e4 dxe4 14.dxe4 e5 15.Nh4 Bd4
16.Nf5 Bxf5 17.exf5 Qb4 18.Qc2 Nc5 19.Ne2 Bxb2 20.Qxb2 a5 21.Nc1 e4 22.a3 Qb6
23.Rfe1 h5 24.h3 Rad8 25.Qc3 Rxd1 26.Rxd1 Rd8 27.Rd4 Re8 28.b4 axb4 29.axb4 Na6
30.c5 Qc7 31.Rd6 Qe7 32.Na2 Nc7 33.Rd1 Ncd5 34.Qd4 Qd7 35.g4 hxg4 36.hxg4 Qc7
37.Nc3 Nxg4 38.Nxd5 Qh2+ 39.Kf1 cxd5 40.Qxd5 e3 41.Re1 Qg1+  0-1

[Event "O2C Doeberl Cup Premier 2012"]
[Site "Canberra AUS"]
[Date "2012.04.05"]
[Round "2.11"]
[White "Bird,A"]
[Black "Solomon,SJ"]
[Result "0-1"]
[WhiteElo "2201"]
[BlackElo "2375"]

1.Nf3 d5 2.c4 e6 3.g3 c5 4.Bg2 Nf6 5.O-O Nc6 6.b3 Be7 7.Bb2 O-O 8.e3 a6 9.Qe2 b5
10.d4 cxd4 11.Nxd4 Nxd4 12.Bxd4 Bb7 13.Rd1 Qc7 14.Nd2 dxc4 15.Bxb7 Qxb7 16.bxc4 b4
17.Rac1 Rfc8 18.e4 Nd7 19.e5 Nc5 20.Bxc5 Rxc5 21.Nb3 Rc7 22.Rc2 g6 23.Rdc1 a5
24.Nd4 a4 25.Nb5 Rd7 26.c5 Rd5 27.Nd6 Qc6 28.Rc4 Rb8 29.Qf3 Rxd6 30.cxd6 Qxf3
31.dxe7 Qa8 32.Rd1 Kg7 33.Rcd4 b3 34.axb3 axb3 35.Rd8 b2 36.Rxb8 Qxb8 37.Rd8 b1=Q+
38.Kg2 Q8b7+  0-1

[Event "16th Neckar Open"]
[Site "Deizisau GER"]
[Date "2012.04.06"]
[Round "3.2"]
[White "Istratescu,A"]
[Black "Graf,F"]
[Result "1-0"]
[WhiteElo "2633"]
[BlackElo "2378"]

1.Nf3 d5 2.c4 c6 3.e3 Nf6 4.Nc3 Bg4 5.cxd5 Bxf3 6.gxf3 cxd5 7.Qb3 Qd7 8.d4 Nc6
9.Bb5 e6 10.Rg1 Rc8 11.Na4 Qd6 12.Bd2 Qxh2 13.Ke2 h5 14.Rac1 h4 15.Qd3 Be7
16.Rh1 Qb8 17.e4 Kf8 18.e5 Nd7 19.f4 g6 20.Be3 Kg7 21.Rcg1 Rh5 22.Qb1 Nf8
23.Kf1 Qc7 24.Nc3 Qd7 25.Qd1 Kh8 26.Rg2 a6 27.Bd3 Rh7 28.Qg4 Na5 29.Rhg1 Nc4
30.Bc1 b5 31.f5 h3 32.Rh2 exf5 33.Qf3 b4 34.Ne2 f6 35.exf6 Bxf6 36.Rxh3 Nd6
37.Rxh7+ Kxh7 38.Qxd5 Ne4 39.Rh1+  1-0

[Event "Pobeskydi Open 2012"]
[Site "Frydek Mistek CZE"]
[Date "2012.04.06"]
[Round "4"]
[White "Fusek,L"]
[Black "Samovojska,D"]
[Result "1/2-1/2"]
[WhiteElo "1969"]
[BlackElo "2257"]

1.Nf3 d5 2.c4 c6 3.b3 Nf6 4.g3 Bg4 5.Bg2 Nbd7 6.Bb2 e6 7.O-O Bd6 8.d3 O-O
9.h3 Bh5 10.Nbd2 Qe7 11.a3 b5 12.b4 bxc4 13.dxc4 e5 14.g4 Bg6 15.Nh4 e4 16.cxd5 cxd5
17.Nb3 e3 18.Nxg6 exf2+ 19.Rxf2 hxg6 20.Bxd5 Nxd5 21.Qxd5 Rad8 22.Qf3 Ne5
23.Qc3 Rc8 24.Qd4 Rfd8 25.Rc1 Rxc1+ 26.Nxc1 Nf3+ 27.Rxf3 Bh2+ 28.Kxh2 Rxd4
29.Bxd4 Qd6+ 30.Kg2 Qxd4 31.Nd3 g5 32.Nf2  1/2-1/2

[Event "39th La Roda Open"]
[Site "La Roda ESP"]
[Date "2012.04.06"]
[Round "4"]
[White "Moreto Quintana,A"]
[Black "Iruzubieta Villaluenga,J"]
[Result "1/2-1/2"]
[WhiteElo "2123"]
[BlackElo "2391"]

1.Nf3 d5 2.c4 c6 3.b3 Bg4 4.Bb2 e6 5.e3 Nf6 6.Be2 Nbd7 7.O-O Bd6 8.d4 O-O
9.Nbd2 a6 10.Rc1 h6 11.Qc2 Re8 12.Bd3 e5 13.Nxe5 Nxe5 14.dxe5 Bxe5 15.h3 Bxb2
16.Qxb2 dxc4 17.Bxc4 Bh5 18.Rfe1 Qd6 19.Be2 Bxe2 20.Rxe2 Nd5 21.Nc4 Qg6 22.Rd2 Re6
23.Qd4 Rae8 24.Nb6 Nf6 25.Qb2 Qg5 26.Rcd1 Ne4 27.Rd7 Rg6 28.g4 h5 29.Qe2 Nc3
30.Qc4 Nxd1 31.Qxf7+ Kh7 32.Qxe8 hxg4 33.Rxd1 gxh3+ 34.Kf1 Qg1+ 35.Ke2 Qg4+
36.f3 Qg2+ 37.Kd3 h2 38.Nd7 Rd6+ 39.Kc3 Rxd1 40.Qh5+ Kg8  1/2-1/2

[Event "FSIM April 2012"]
[Site "Budapest HUN"]
[Date "2012.04.07"]
[Round "1"]
[White "Vrhovnik,D"]
[Black "Melkonian,V"]
[Result "0-1"]
[WhiteElo "2124"]
[BlackElo "2230"]

1.Nf3 d5 2.c4 c6 3.e3 Nf6 4.Nc3 a6 5.b3 Bg4 6.Bb2 e6 7.h3 Bh5 8.Be2 Nbd7
9.d3 b5 10.g4 Bg6 11.g5 Ng8 12.cxd5 cxd5 13.h4 h6 14.h5 hxg5 15.Nh2 Bh7 16.Qd2 Rc8
17.Rg1 Ngf6 18.a3 Nc5 19.Qc2 a5 20.b4 axb4 21.axb4 Na4 22.Rxa4 bxa4 23.Qxa4+ Qd7
24.Qb3 Qd6 25.Nf3 Qxb4 26.Qxb4 Bxb4 27.Kd2 Rc7 28.Nxg5 O-O 29.h6 Rfc8 30.Nxe6 fxe6  0-1

[Event "O2C Doeberl Cup Premier 2012"]
[Site "Canberra AUS"]
[Date "2012.04.07"]
[Round "5.11"]
[White "Bird,A"]
[Black "Johansen,D"]
[Result "0-1"]
[WhiteElo "2201"]
[BlackElo "2444"]

1.Nf3 d5 2.c4 c6 3.e3 Nf6 4.Nc3 g6 5.d4 Bg7 6.Bd3 O-O 7.O-O Bg4 8.h3 Bxf3
9.Qxf3 e6 10.Rd1 Nbd7 11.Qe2 Qe7 12.Bd2 a6 13.Be1 dxc4 14.Bxc4 b5 15.Bd3 e5
16.Qf3 b4 17.Ne4 Nd5 18.Bc4 Rfe8 19.Nc5 exd4 20.Nxd7 Qxd7 21.exd4 a5 22.a3 bxa3
23.Rxa3 Bxd4 24.Bxa5 Bxb2 25.Ra2 Bg7 26.Bxd5 cxd5 27.Rxd5 Qc6 28.Rad2 Rxa5  0-1

[Event "O2C Doeberl Cup Premier 2012"]
[Site "Canberra AUS"]
[Date "2012.04.07"]
[Round "6.17"]
[White "Ikeda,J"]
[Black "Hu,J"]
[Result "1-0"]
[WhiteElo "2373"]
[BlackElo "2132"]

1.Nf3 d5 2.c4 e6 3.g3 Nf6 4.Bg2 c5 5.O-O Nc6 6.cxd5 Nxd5 7.d4 Qb6 8.e4 Nf6
9.d5 Nd4 10.Nc3 Bd7 11.dxe6 Nxf3+ 12.Qxf3 Qxe6 13.Nd5 Nxd5 14.exd5 Qf6 15.Re1+ Kd8
16.Qxf6+ gxf6 17.Bf4 Rc8 18.Rad1 Bg4 19.Rd2 Kd7 20.h3 Bf5 21.g4 Bg6 22.d6 Rb8
23.Bf1 a6 24.Re7+ Kc6 25.Rc7+ Kb6 26.b4 cxb4 27.Rd5 Ka7 28.Be3+ Ka8 29.Bxa6 Re8
30.Rxb7  1-0

[Event "O2C Doeberl Cup Premier 2012"]
[Site "Canberra AUS"]
[Date "2012.04.07"]
[Round "6.8"]
[White "Johansen,D"]
[Black "Lane,G"]
[Result "1/2-1/2"]
[WhiteElo "2444"]
[BlackElo "2368"]

1.Nf3 d5 2.c4 d4 3.g3 c5 4.d3 Nc6 5.Bg2 g6 6.e3 dxe3 7.Bxe3 Bg7 8.Nc3 Nd4
9.O-O Nf6 10.Na4 Nd7 11.Rb1 a5 12.Ng5 O-O 13.Ne4 Qc7 14.Nac3 Qd8 15.Na4 Qc7
16.Nac3 Qd8 17.Na4  1/2-1/2

[Event "35th San Sebastian Open"]
[Site "Donostia ESP"]
[Date "2012.04.07"]
[Round "9"]
[White "Bakre,T"]
[Black "Argandona Riveiro,I"]
[Result "1/2-1/2"]
[WhiteElo "2513"]
[BlackElo "2388"]

1.Nf3 d5 2.c4 d4 3.g3 Nc6 4.Bg2 g6 5.O-O Bg7 6.d3 Nf6 7.b4 Nxb4 8.Qa4+ Nc6
9.Ne5 O-O 10.Nxc6 bxc6 11.Bxc6 Rb8 12.Ba3 Nd7 13.Qxa7 Rb6 14.Qa4 Ra6 15.Qb5 Rb6
16.Qd5 Re8 17.Nd2 Ra6 18.Bb4 e5 19.Nb3 e4 20.Qb5 Re6 21.Na5 exd3 22.exd3 Ne5
23.Be4 c6 24.Nb7 Qb6 25.Qxb6 Rxb6 26.Nd6 Rxb4 27.Nxc8 f5 28.Bg2 Nxd3 29.Bxc6 Kf8
30.Bd5 Ra6 31.Rab1 Rxa2  1/2-1/2

[Event "6th Philadelphia Open"]
[Site "Philadelphia USA"]
[Date "2012.04.08"]
[Round "9.9"]
[White "Goletiani,R"]
[Black "Gurevich,D"]
[Result "1/2-1/2"]
[WhiteElo "2344"]
[BlackElo "2466"]

1.Nf3 d5 2.c4 c6 3.g3 Nf6 4.Bg2 g6 5.b3 Bg7 6.Bb2 O-O 7.O-O a5 8.d3 Na6 9.Nbd2 a4
10.cxd5 cxd5 11.Rc1 b6 12.Bd4 Nd7 13.bxa4 Nac5 14.Bxg7 Kxg7 15.Nd4 Bb7 16.Nb5 Nf6
17.d4 Nxa4 18.Qb3 Ra5 19.Qb4 Qd7 20.Na3 Raa8 21.Rc2 Rfc8 22.Rfc1 Qd6 23.Qb3 Nc3
24.Rxc3 Rxa3 25.Qb2 Rca8 26.Rxa3 Qxa3 27.Qxa3 Rxa3 28.Rc2 Ba6 29.Bf1 Ne8
30.e3 Bxf1 31.Kxf1 Nd6 32.Rb2 b5 33.Nb1 Ra5 34.Nc3 e6 35.Rb4  1/2-1/2

[Event "Karposh Open 2012"]
[Site "Skopje MKD"]
[Date "2012.04.08"]
[Round "2.6"]
[White "Delchev,A"]
[Black "Stojcevski,Z"]
[Result "1-0"]
[WhiteElo "2622"]
[BlackElo "2346"]

1.Nf3 d5 2.c4 Nf6 3.cxd5 Qxd5 4.Nc3 Qh5 5.d4 c6 6.e4 Nbd7 7.e5 Nd5 8.Be2 Qf5
9.Bd3 Nxc3 10.bxc3 Qh5 11.g4 Qxg4 12.Rg1 Qh5 13.Rg5 Qh6 14.Rf5 g5 15.Bxg5 Qe6
16.Be3 h6 17.c4 Nb6 18.d5 cxd5 19.Nd4 Qd7 20.Qh5 dxc4 21.Qxf7+ Kd8 22.Be4 e6
23.Nxe6+  1-0

[Event "Karposh Open 2012"]
[Site "Skopje MKD"]
[Date "2012.04.08"]
[Round "2.34"]
[White "Vojinovic,G"]
[Black "Hristovski,S"]
[Result "1-0"]
[WhiteElo "2429"]
[BlackElo "2138"]

1.Nf3 d5 2.c4 e6 3.g3 Nf6 4.Bg2 Be7 5.O-O O-O 6.b3 b6 7.Bb2 Bb7 8.e3 c5 9.Qe2 Nbd7
10.Rd1 Qc7 11.d3 Rad8 12.Nbd2 Rfe8 13.e4 dxe4 14.dxe4 e5 15.Ne1 Nf8 16.Bh3 Bd6
17.Nc2 Ne6 18.Bxe6 Rxe6 19.f3 Bf8 20.Ne3 g6 21.Nd5 Nxd5 22.cxd5 Ree8 23.a4 Bh6
24.Nc4 Ba6 25.Bc3 f6 26.Re1 Qc8 27.Rad1 Qc7 28.Qb2 Qd7 29.Qc2 Qc8 30.Bd2 Bg7
31.Rc1 Qd7 32.Be3 Bc8 33.Qe2 Qc7 34.Qf2 Qd7 35.Rc2 Bf8 36.Qf1 Qc7 37.Rd1  1-0

[Event "23rd Lenk Open"]
[Site "Lenk SUI"]
[Date "2012.04.09"]
[Round "7.1"]
[White "Gerber,R"]
[Black "Kolly,J"]
[Result "1-0"]
[WhiteElo "2412"]
[BlackElo "2306"]

1.Nf3 d5 2.c4 e6 3.g3 g6 4.d4 Bg7 5.Nc3 c6 6.e4 dxc4 7.Bxc4 Ne7 8.Be3 Nd7
9.Qd2 b5 10.Be2 h5 11.Bg5 f6 12.Be3 Bb7 13.O-O a6 14.Rfd1 O-O 15.Qc2 Qe8
16.a4 Rc8 17.Qb3 Qf7 18.Bc4 bxc4 19.Qxb7 Nb8 20.Qb4 g5 21.Qxc4 g4 22.Ne1 e5
23.Qxf7+ Kxf7 24.dxe5 f5 25.Nd3 Ng6 26.Bd4 Kg8 27.Bc5 Rfe8 28.exf5 Nxe5 29.Nf4 Nf3+
30.Kg2 Re5 31.Ng6 Rxc5 32.Ne7+ Kh7 33.Nxc8 Rxf5 34.Rd8 Be5 35.Nd6  1-0

[Event "Karposh Open 2012"]
[Site "Skopje MKD"]
[Date "2012.04.09"]
[Round "4.39"]
[White "Markidis,K"]
[Black "Ajrula,Adnan"]
[Result "1-0"]
[WhiteElo "2284"]
[BlackElo "1984"]

1.Nf3 d5 2.c4 d4 3.e3 Nc6 4.exd4 Nxd4 5.Nxd4 Qxd4 6.Nc3 c6 7.d3 Bg4 8.Qb3 Qd7
9.Be3 e6 10.h3 Bh5 11.g4 Bg6 12.O-O-O b6 13.d4 Bd6 14.Bg2 Ne7 15.f4 h6 16.d5 cxd5
17.cxd5 exd5 18.f5 Bh7 19.Nxd5 Nxd5 20.Bxd5 Rc8+ 21.Kb1 O-O 22.Ka1 Qe7 23.Bd4 Kh8
24.Rhe1 Qc7 25.Bc3 f6 26.h4 Rfe8 27.Be6 Bg8 28.g5 Be5 29.Bxe5 fxe5 30.gxh6 gxh6
31.Bxg8 Rxg8 32.Qe6 Rce8 33.Qxh6+ Qh7 34.Qf6+ Qg7 35.Qc6 Rgf8 36.Rd6 Rc8
37.Rh6+ Kg8 38.Qe6+  1-0

[Event "Karposh Open 2012"]
[Site "Skopje MKD"]
[Date "2012.04.09"]
[Round "4.26"]
[White "Vachev,V"]
[Black "Nikolov,Sas"]
[Result "1-0"]
[WhiteElo "2152"]
[BlackElo "2397"]

1.Nf3 d5 2.c4 e6 3.g3 Nf6 4.Bg2 Be7 5.O-O O-O 6.d4 Nbd7 7.Qc2 c6 8.Nbd2 b6
9.e4 a5 10.Re1 Ba6 11.b3 Rc8 12.Bb2 Qc7 13.Rac1 Qb8 14.Qb1 Rfd8 15.Bh3 Bb4
16.a3 Bf8 17.Ng5 g6 18.exd5 exd5 19.Ndf3 a4 20.Ne5 axb3 21.Ngxf7 Nxe5 22.dxe5 Kxf7
23.exf6 d4 24.Qe4 Bc5 25.Qh4 Re8 26.Bxc8 Qxc8 27.Qxh7+ Kxf6 28.Qh4+ Kf7 29.Bxd4 Bxd4
30.Qxd4 Re6 31.Qc3 c5 32.Qxb3 Bb7 33.Rxe6 Qxe6 34.Qe3 Qc6 35.f3 Kg8 36.Re1  1-0

[Event "FSIM April 2012"]
[Site "Budapest HUN"]
[Date "2012.04.11"]
[Round "5"]
[White "Vrhovnik,D"]
[Black "Eperjesi,L"]
[Result "0-1"]
[WhiteElo "2124"]
[BlackElo "2206"]

1.Nf3 d5 2.c4 e6 3.b3 Nf6 4.Bb2 Be7 5.g3 O-O 6.Bg2 c5 7.e3 Nc6 8.O-O b6 9.Nc3 Ba6
10.Qe2 Rc8 11.d3 Qc7 12.Rad1 Rfd8 13.Ne1 Qb8 14.f4 d4 15.Ne4 Nxe4 16.dxe4 b5
17.f5 Bg5 18.exd4 cxd4 19.c5 e5 20.a3 Na5 21.b4 Nc4 22.Bc1 Bxc1 23.Rxc1 f6
24.Nd3 Bb7 25.Ra1 Bc6 26.Ra2 Qb7 27.Re1 Ne3 28.Qf3 Ra8 29.Bh1 a5 30.Rea1 Ra7
31.h4 Be8 32.bxa5 Rxa5 33.Nb4 Bf7 34.Rd2 Qc7 35.h5 Rda8 36.c6 Rxa3 37.Rxa3 Rxa3
38.Nd5 Bxd5 39.exd5 Ra1+ 40.Kh2 Nf1+ 41.Qxf1 Rxf1 42.Rc2 d3 43.d6 Rxh1+  0-1

[Event "TCh-CAT 2012"]
[Site "Catalunya ESP"]
[Date "2012.04.14"]
[Round "10.3"]
[White "Fluvia Poyatos,Jor"]
[Black "Moskalenko,V1"]
[Result "1/2-1/2"]
[WhiteElo "2470"]
[BlackElo "2532"]

1.Nf3 d5 2.c4 e6 3.b3 c6 4.g3 f5 5.Bg2 Nf6 6.O-O Bd6 7.Bb2 Qe7 8.d3 O-O 9.Nc3 e5
10.cxd5 Nxd5 11.Nd2 Nxc3 12.Bxc3 Bb4 13.Qc2 Bxc3 14.Qxc3 Nd7 15.b4 Nf6 16.Rab1 Bd7
17.Qc5 Rfe8 18.e4 fxe4 19.Nxe4 Nxe4 20.Qxe7 Rxe7 21.Bxe4 Rd8 22.a4 g6 23.Rfe1 Bf5
24.Rb3 Kf7 25.f3 Rd4 26.Kf2 Ke6 27.Ke3 Red7 28.Rc1 Bxe4 29.fxe4 Kd6 30.Rf1 a5
31.bxa5 Rxa4 32.Rfb1 Rxa5 33.Rxb7 Ra7 34.Rxd7+  1/2-1/2

[Event "FSIM April 2012"]
[Site "Budapest HUN"]
[Date "2012.04.15"]
[Round "9"]
[White "Vrhovnik,D"]
[Black "Lengyel,B"]
[Result "0-1"]
[WhiteElo "2124"]
[BlackElo "2257"]

1.Nf3 d5 2.c4 e6 3.b3 Nf6 4.g3 Be7 5.Bg2 O-O 6.O-O b6 7.Bb2 Bb7 8.e3 Nbd7
9.Qe2 c5 10.Nc3 dxc4 11.bxc4 Qc7 12.d3 a6 13.Rac1 Rac8 14.Rfd1 Rfd8 15.h3 Qb8
16.Rb1 Qa8 17.Ne1 Bxg2 18.Nxg2 Qc6 19.a4 Nb8 20.g4 Qc7 21.g5 Ne8 22.Ne4 Nc6
23.Nf4 Nb4 24.Nh5 e5 25.f4 Qc6 26.Neg3 g6 27.Nf6+ Nxf6 28.gxf6 Bxf6 29.fxe5 Bg7
30.Bc3 a5 31.d4 cxd4 32.Bxb4 axb4 33.exd4 Qxc4 34.Qe3 Qc2 35.Rbc1 Rc3 36.Qg5 Rxd4
37.Rxc2 Rxd1+  0-1

[Event "TCh-AUT 1st Bundesliga 2012"]
[Site "Jenbach AUT"]
[Date "2012.04.19"]
[Round "8.5"]
[White "Diermair,A"]
[Black "Froewis,G"]
[Result "1-0"]
[WhiteElo "2429"]
[BlackElo "2424"]

1.Nf3 d5 2.c4 c6 3.e3 Nf6 4.Nc3 e6 5.b3 Bd6 6.Bb2 e5 7.cxd5 cxd5 8.Nb5 Nc6
9.Nxd6+ Qxd6 10.Bb5 Nd7 11.O-O O-O 12.Rc1 Re8 13.Nh4 Qh6 14.Nf5 Qg6 15.Ng3 a6
16.Be2 Nf6 17.f4 Bg4 18.fxe5 Nxe5 19.Rc7 Bxe2 20.Qxe2 b5 21.Nf5 Nfd7 22.d4 Qb6
23.Qc2 Ng4 24.Rxd7 g6 25.h3  1-0